The Netherlands at the Eurovision Song Contest - Statistics

General Stats
  • This quiz has been taken 214 times
    42 since last reset
  • The average score is 18 of 66
Answer Stats
Year Song Artist % Correct
2024 Europapa Joost Klein
92%
2019 Arcade Duncan Laurence
83%
2025 C'est la vie Claude
78%
2022 De diepte S10
78%
2018 Outlaw in 'em Waylon
78%
2013 Birds Anouk
67%
2016 Slow down Douwe Bob
67%
2017 Lights and shadows O'G3NE
64%
2014 Calm after the storm The Common Linnets
58%
2021 Birth of a new age Jeangu Macrooy
53%
2023 Burning daylight Mia Nicolai & Dion Cooper
53%
1998 Hemel en aarde Edsilia Rombley
47%
2007 On top of the world Edsilia Rombley
47%
2015 Walk along Trijntje Oosterhuis
47%
2010 Ik ben verliefd (sha-la-lie) Sieneke
44%
1956 Voorgoed voorbij Corry Brokken
42%
1957 Net als toen Corry Brokken
42%
1958 Heel de wereld Corry Brokken
42%
2009 Shine Toppers
42%
1975 Ding-a-dong Teach-In
36%
2011 Never alone 3JS
33%
1969 De troubadour Lenny Kuhr
33%
1988 Shangri-la Gerard Joling
28%
2005 My impossible dream Glennis Grace
28%
1993 Vrede Ruth Jacott
28%
2008 Your heart belongs to me Hind
25%
2000 No goodbyes Linda Wagenmakers
22%
1959 'n Beetje Teddy Scholten
22%
1994 Waar is de zon Willeke Alberti
22%
2012 You and me Joan Franka
19%
2003 One more night Esther Hart
17%
2004 Without you Re-union
17%
1972 Als het om de liefde gaat Sandra & Andres
17%
1976 The party's over Sandra Reemer
17%
2006 Amambanda Treble
17%
1979 Colorado Xandra (Sandra Reemer)
17%
1992 Wijs me de weg Humphrey Campbell
14%
1956 De vogels van Holland Jetty Paerl
14%
1987 Rechtop in de wind Marcha
14%
1996 De eerste keer Maxine & Franklin Brown
14%
2001 Out on my own Michelle
14%
1966 Fernando en Filippo Milly Scott
14%
1963 Een speeldoos Annie Palmen
11%
1973 De oude muzikant Ben Cramer
11%
1983 Sing me a song Bernadette
11%
1982 Jij en ik Bill Van Dijk
11%
1962 Katinka De Spelbrekers
11%
1986 Alles heeft ritme Frizzle Sizzle
11%
1978 't Is OK Harmony
11%
1977 De mallemolen Heddy Lester
11%
1980 Amsterdam Maggie MacNeal
11%
1984 Ik hou van jou Maribelle
11%
1999 One good reason Marlayne
11%
1990 Ik wil alles met je delen Maywood
11%
1974 I see a star Mouth & MacNeal
11%
1997 Niemand heeft nog tijd Mrs. Einstein
11%
1964 Jij bent mijn leven Anneke Grönloh
8%
1965 't Is genoeg Conny Vandenbos
8%
1989 Blijf zoals je bent Justine Pelmelay
8%
1981 Het is een wonder Linda Williams
8%
1968 Morgen Ronnie Tober
8%
1971 Tijd Saskia & Serge
8%
1961 Wat een dag Greetje Kauffeld
6%
1960 Wat een geluk Rudi Carrell
6%
1967 Ring-dinge-ding Therese Steinmetz
6%
1970 Waterman Hearts of Soul
3%
No matching quizzes found
Score Distribution
Percent of People with Each Score
Percentile by Number Answered
Your Score History
You have not taken this quiz since the last reset